|
|
|
|
| LEADER |
00000cam a2200000 i 4500 |
| 001 |
JSTOR_on1202723842 |
| 003 |
OCoLC |
| 005 |
20231005004200.0 |
| 006 |
m o d |
| 007 |
cr cnu---unuuu |
| 008 |
201103s2017 ck ob 000 0 spa d |
| 040 |
|
|
|a JSTOR
|b eng
|e rda
|e pn
|c JSTOR
|d YDX
|d OCLCQ
|d DGITA
|d OCLCO
|d OCLCQ
|d OCLCO
|
| 019 |
|
|
|a 1202443671
|
| 020 |
|
|
|a 9789587727265
|q (electronic bk.)
|
| 020 |
|
|
|a 9587727266
|q (electronic bk.)
|
| 035 |
|
|
|a (OCoLC)1202723842
|z (OCoLC)1202443671
|
| 037 |
|
|
|a 22573/ctv18kmrmn
|b JSTOR
|
| 050 |
|
4 |
|a JZ1318
|b .H47 2017eb
|
| 082 |
0 |
4 |
|a 337
|2 23
|
| 049 |
|
|
|a UAMI
|
| 100 |
1 |
|
|a Herrera, Beethoven,
|e author.
|
| 245 |
1 |
0 |
|a Globalización financiera :
|b banca, regulación y crisis /
|c Beethoven Herrera Valencia.
|
| 250 |
|
|
|a Primera edición.
|
| 264 |
|
1 |
|a Bogotá :
|b Universidad Externado de Colombia,
|c 2017.
|
| 300 |
|
|
|a 1 online resource
|
| 336 |
|
|
|a text
|b txt
|2 rdacontent
|
| 337 |
|
|
|a computer
|b c
|2 rdamedia
|
| 338 |
|
|
|a online resource
|b cr
|2 rdacarrier
|
| 504 |
|
|
|a Includes bibliographical references (pages 759-788).
|
| 588 |
0 |
|
|a PDF (JSTOR, viewed November 3, 2020).
|
| 590 |
|
|
|a JSTOR
|b Books at JSTOR Demand Driven Acquisitions (DDA)
|
| 590 |
|
|
|a JSTOR
|b Books at JSTOR All Purchased
|
| 650 |
|
0 |
|a Globalization
|x Economic aspects.
|
| 650 |
|
6 |
|a Mondialisation.
|
| 650 |
|
7 |
|a globalism.
|2 aat
|
| 650 |
|
7 |
|a Globalization
|x Economic aspects
|2 fast
|
| 856 |
4 |
0 |
|u https://jstor.uam.elogim.com/stable/10.2307/j.ctv18msn33
|z Texto completo
|
| 938 |
|
|
|a Digitalia Publishing
|b DGIT
|n DIGUEXTER0277
|
| 938 |
|
|
|a YBP Library Services
|b YANK
|n 301704193
|
| 994 |
|
|
|a 92
|b IZTAP
|